Acteurs du film Fight Club par images - Statistiques

Statistiques générales
  • Ce quiz a été pris 68 fois
  • Le résultat moyen est 4 sur 7
Statistiques - réponses
Par images Hint Réponse % Correct
Tyler Durden Brad Pitt
100%
Le narrateur Edward Norton
87%
Réalisateur David Fincher
68%
Marla Singer Helena Bonham Carter
68%
Gueule d'ange Jared Leto
45%
Robert Paulson Meat Loaf
13%
Richard Chesler Zach Grenier
8%
Aucun quiz correspondant
Distribution des résultats
% des personnes avec chaque résultat
Percentile par nombre de réponses
Votre historique - résultats
Vous n’avez pas pris ce quiz